Normal view
MARC view
Entry Personal Name
001 - CONTROL NUMBER
- control field: 85834
003 - CONTROL NUMBER IDENTIFIER
- control field: dpl
005 - DATE AND TIME OF LATEST TRANSACTION
- control field: 20251201164225.0
008 - FIXED-LENGTH DATA ELEMENTS
- fixed length control field: 251201|| aca||aabn | a|a d
040 ## - CATALOGING SOURCE
- Original cataloging agency: dpl
- Transcribing agency: dpl
100 ## - HEADING--PERSONAL NAME
- Personal name: आभा सिंह
670 ## - SOURCE DATA FOUND
- Source citation: Work cat.: (dpl)209873: आभा सिंह, वक्त की खिड़की से /, 2024
